000
00266nam a22001097a 4500
005
20260327113458.0
100
_a
Nirmmalkumar
245
_a
Kera pariseelanaparipadi sankhadippichu
260
_b
Rubber, 718(March): 21-22. 2026
700
_a
Deepa Sukumar
942
_c
JS
999
_c
75896
_d
75896